Wybory do Sejmu 2015 - Statystyki

Ogólne statystyki
  • Ten quiz został rozwiązany 47 razy
  • Średni wynik to 8 z 17
Statystyki odpowiedzi
Miejsce Komitet Wyborczy Poparcie (%) Miejsca w Sejmie % Poprawnych
2 Platforma Obywatelska 24,09 % 138
96%
1 Prawo i Sprawiedliwość 37,58 % 235
96%
6 Polskie Stronnictwo Ludowe 5,13 % 16
85%
3 Kukiz'15 8,81 % 42
78%
7 KORWiN 4,76 % 0
70%
4 Nowoczesna Ryszarda Petru 7,60 % 28
67%
10 Mniejszość Niemiecka 0,18 % 1
59%
8 Partia Razem 3,62 % 0
52%
5 Zjednoczona Lewica (SLD+TR+PPS+UP+Zieloni) 7,55 % 0
52%
15 Samoobrona 0,03 % 0
37%
14 Kongres Nowej Prawicy 0,03 % 0
22%
13 KWW Grzegorza Brauna "Szczęść Boże" 0,09 % 0
22%
12 JOW Bezpartyjni 0,10 % 0
7%
9 KWW Zbigniewa Stonogi 0,28 % 0
7%
17 Obywatele do Parlamentu 0,01 % 0
0%
16 Ruch Społeczny RP 0,03 % 0
0%
11 Zjednoczeni dla Śląska 0,12 % 0
0%
Nie znaleziono quizów pasujących do podanych kryteriów
Rozkład punktacji
Procent ludzi z każdym wynikiem
Percentyl według liczby udzielonych odpowiedzi
Twoja historia wyników
Nie rozwiązałeś tego quizu